| 000 | 00581nam a2200181 i 4500 | ||
|---|---|---|---|
| 001 | 50797 | ||
| 003 | ES-MaACL | ||
| 005 | 20230906162235.0 | ||
| 007 | t| | ||
| 008 | 030806s1977 xxk |||| | eng d | ||
| 100 | 1 |
_aChamberlin, Vernon A. _937859 |
|
| 245 | 1 | 0 |
_aGaldós and Beethoven _b: Fortunata y Jacinta : a symphonic novel / _cVernon A. Chamberlin. |
| 260 |
_aLondon : _bTamesis Books, _c[1977] |
||
| 300 |
_a123 p. ; _c24 cm. |
||
| 600 | 1 | 7 |
_aPérez Galdós, Benito, _d1843-1920. _tFortunata y Jacinta _2 _9167585 |
| 852 |
_aES-MaACL _jA-9012 |
||
| 999 |
_c50797 _d50797 |
||